000 00861ctm a22001935a 4500
001 L156944
008 120731m18221829xxk f 000 0 eng d
035 _a(Sirsi) u156944
041 0 _aeng
245 0 1 _a[Notes on surveys of collieries in Yorkshire]
_h[manuscript]
260 _c[1822-1829]
300 _a1 v.
_b1 folded col. plan
_c19 p.
505 2 _aElsecar Old Colliery -- Elsecar New Colliery -- Law Wood Colliery -- Rainber Park Colliery -- Shephouse Wood -- Swallow Wood Colliery
520 _aThis is a set of handwritten notes relating to surveys of six collieries in Yorkshire dating from between 1822 and 1829. At the front of the volume is a hand-drawn folded plan showing a "supposed line of fault".
583 _aCondition reviewed
_c20120620
_lcondition level 1
651 4 _aYorkshire
690 _aMinerals and waste
_96257
942 _n0
999 _c114506
_d114506